| 000 | 00578nam a22001697a 4500 | ||
|---|---|---|---|
| 008 | 160920b xxu||||| |||| 00| 0 eng d | ||
| 020 | _a9780820488714 | ||
| 020 | _a0820488712 | ||
| 050 |
_aBD632 _b.B36 2006 |
||
| 100 | _aBaofu, Peter | ||
| 245 |
_aThe future post-human space- time : _bconceiving a better way to understand space and time/ _cPeter Baofu. |
||
| 260 |
_aNew York : _bPeter Lang , _cc2006. |
||
| 300 |
_axi, 202p. : _bill. ; |
||
| 500 | _aIncludes bibliography and index. | ||
| 650 | _aSpace and time. | ||
| 942 |
_2lcc _cBOOKS _hBD632 .B36 2006 |
||
| 999 |
_c13850 _d13850 |
||